00747 2200289 4500001002100000005001500021035002000036007000300056040001700059100003100076245004200107250001000149300003300159020002200192041000800214082001000222084001600232090002100248264003300269336002100302337003000323338002300353650001400376850001000390008004100400990001600441INLIS00000000000914620260427100507 a0010-1122000105ta aSBPUPADbind0 aDrajat BoedimanePengarang1 aSehat Bersama Gizi /cDrajat Boediman acet.1 av, 67 hlm, :bilus. ;c25 cm a978-979-3288-94-90 aind a613.8 a613.8 DRA s a613.8 DRA s 17-7 aJakarta :bAgung Seto,c2009 2rdacontentateks 2rdamediaatanpa perantara 2rdacarrieravolume 4aKesehatan aPUPAD260427 0  a1349/B/2013